000 00909nam a2200241Ia 4500
003 OSt
005 20220923223712.0
006 a|||||r|||| 00| 0
007 ta
008 220922b |||||||| |||| 00| 0 hin d
024 _a220,141
037 _cTextual
040 _aARTS
_cARTS
_bhin
041 _2hin
_ahin
082 _a4(P152), 152P3
100 _aराठौर, देवीसिंह; राठौर, हेमलता
_9167537
245 0 _aहिन्दी पत्रकारिता की सैदÚांतिक पृष्ठभूमि
246 _aHindī patrakāritā kī saidaÚāantik pṛuṣhṭhabhūmi
260 _aदिल्ली
_b तक्षशिला
_c2003
300 _a270i`
_ccm.
942 _h4(P152), 152P3
_cTEXL
_2CC
999 _c366814
_d366814